LEADER 03045nam 2200685Ia 450 001 9910784972403321 005 20230421044805.0 010 $a0-19-756021-0 010 $a1-280-52551-7 010 $a9786610525515 010 $a0-19-536188-1 010 $a1-4237-9997-6 035 $a(CKB)1000000000408820 035 $a(EBL)271159 035 $a(OCoLC)560381759 035 $a(SSID)ssj0000120392 035 $a(PQKBManifestationID)11143414 035 $a(PQKBTitleCode)TC0000120392 035 $a(PQKBWorkID)10080633 035 $a(PQKB)11616242 035 $a(MiAaPQ)EBC271159 035 $a(StDuBDS)EDZ0002341547 035 $a(Au-PeEL)EBL271159 035 $a(CaPaEBR)ebr10142138 035 $a(CaONFJC)MIL52551 035 $a(OCoLC)936850219 035 $a(EXLCZ)991000000000408820 100 $a19920123d1992 uy 0 101 0 $aeng 135 $aur|n|---||||| 181 $ctxt 182 $cc 183 $acr 200 10$aChemical change in deforming materials$b[electronic resource] /$fBrian Bayly 210 $aNew York $cOxford University Press$d1992 215 $a1 online resource (245 p.) 225 1 $aOxford monographs on geology and geophysics ;$vno. 21 300 $aPreviously issued in print: 1992. 311 $a0-19-506764-9 320 $aIncludes bibliographical references and index. 327 $aContents; Symbols; 1. Overview and preview of conclusions; I: FUNDAMENTALS; II: SIMULTANEOUS DEFORMATION AND DIFFUSION; III: APPLICATION: MOVEMENTS ALONG ONE DIRECTION; IV: EXTENSIONS; References and notes; Index 330 8 $aThis work details the chemical changes that occur in deforming materials subjected to unequal compressions. While thermodynamics provides, at the macroscopic level, an excellent means of understanding & predicting the behaviour of materials in equilibrium & non-equilibrium states, much less is understood about nonhydrostatic stress & interdiffusion at the chemical level. Little is known, for example, about the chemistry of a state resulting from a cylinder of deforming material being more strongly compressed along its length than radially, a state of non-equilibrium that remains no matter how ideal the cylinder's condition in other respects. M. Brian Bayly here provides the outline of a comprehensive approach to gaining a simplified & unified understanding of such phenomena. 410 0$aOxford monographs on geology and geophysics ;$vno. 21. 606 $aChemical equilibrium 606 $aDeformations (Mechanics) 606 $aGeochemistry 606 $aMaterials$xCompression testing 615 0$aChemical equilibrium. 615 0$aDeformations (Mechanics) 615 0$aGeochemistry. 615 0$aMaterials$xCompression testing. 676 $a620.1/1242 700 $aBayly$b M. Brian$f1929-$01512292 801 0$bMiAaPQ 801 1$bMiAaPQ 801 2$bMiAaPQ 906 $aBOOK 912 $a9910784972403321 996 $aChemical change in deforming materials$93746122 997 $aUNINA LEADER 01462nam 22004333 450 001 9911056827803321 005 20260328060300.0 010 $a1-77467-073-9 035 $a(CKB)45018297800041 035 $a(MiAaPQ)EBC32649322 035 $a(Au-PeEL)EBL32649322 035 $a(OCoLC)1581932927 035 $a(EXLCZ)9945018297800041 100 $a20260328d2026 uy 0 101 0 $aeng 135 $aur||||||||||| 181 $ctxt$2rdacontent 182 $cc$2rdamedia 183 $acr$2rdacarrier 200 10$aDatabook of Antiblocking, Release, and Slip Additives 205 $a3rd ed. 210 1$aChantilly :$cChemTec Publishing,$d2026. 210 4$dİ2026. 215 $a1 online resource (189 pages) 311 08$a1-77467-072-0 330 $aThe Databook of Antiblocking, Release, and Slip Additives, Third Edition contains detailed information on over 300 important additives for polymers, additives that are used to minimize adhesion, aid separation, and enhance processing and end-applications for polymers. 606 $aPlastics$xAdditives$7Generated by AI 606 $aAdditives$7Generated by AI 615 0$aPlastics$xAdditives 615 0$aAdditives 676 $a668.9 700 $aWypych$b Anna$0865899 801 0$bMiAaPQ 801 1$bMiAaPQ 801 2$bMiAaPQ 906 $aBOOK 912 $a9911056827803321 996 $aDatabook of Antiblocking Release and Slip Additives$94531746 997 $aUNINA